Vilia-nové funkcie obcí na Slovensku s príkladmi z praxe

Nový systém funkcií VILIA pre prímestské obce. Ide o funkcie s dopadom na územné plánovanie, urbanizmus obcí a následné stavebné investície. Cieľom systému VILIA je zastaviť negatívny demokratický vývoj viacerých sídiel a poskytnúť kompetentným funkcionárom obcí nástroj pre nové rozvojové impulzy.

Salvato in:
Dettagli Bibliografici
Autore principale: Filo, Peter
Altri autori: Sluková, Mária
Natura: Capitolo di libro
Lingua:slovacco
Soggetti:
Tags: Aggiungi Tag
Nessun Tag, puoi essere il primo ad aggiungerne!!

MARC

LEADER 00000naa$a2200000$$$4500
001 0075824
005 20240711084759.0
041 0 |a slo 
044 |a SK 
245 1 0 |a Vilia-nové funkcie obcí na Slovensku s príkladmi z praxe  |c Peter Filo, Mária Sluková 
520 |a Nový systém funkcií VILIA pre prímestské obce. Ide o funkcie s dopadom na územné plánovanie, urbanizmus obcí a následné stavebné investície. Cieľom systému VILIA je zastaviť negatívny demokratický vývoj viacerých sídiel a poskytnúť kompetentným funkcionárom obcí nástroj pre nové rozvojové impulzy. 
610 2 0 |a obce 
610 2 0 |a Slovensko 
610 2 0 |a plánovanie územné 
610 2 0 |a urbanizmus 
610 2 0 |a stavby 
100 1 |a Filo, Peter 
700 1 |a Sluková, Mária